000 00601nam a22001937a 4500
999 _c8205
_d8205
003 AR-CdUCM
008 190322b ||||| |||| 00| 0 spa d
040 _aMUNICIPALIDAD PROVINCIAL DEL CUSCO
_cBIBLIOTECA MUNICIPAL DEL CUSCO
082 _a869.56 /
_bF89
100 _aFuente, Nicanor A. de la
_917329
245 _aHuacatil :
_bromances /
260 _aChiclayo :
_bimprenta del colegio militar Leoncio Prado,
_c1966.
300 _a70 páginas ;
_c21 cm.
500 _aDonación familia Nieto.
650 _aPoesías peruanas
_91481
650 _aSiglo XX
_98
942 _2ddc
_cLIBROS
945 _azta